000 00612nam a2200169 i 4500
001 52528
003 ES-MaACL
005 20230906162611.0
007 t|
008 030901s1971 pr ||||1| spa d
100 1 _aDávila, José Antonio.
_942933
245 1 0 _aProsa
_b: ensayos, artículos y cartas literarias /
_cJosé Antonio Dávila ; selección, notas y prólogo de Vicente Geigel Polanco.
260 _aSan Juan de Puerto Rico :
_bSociedad de Autores Puertorriqueños,
_c1971.
300 _a286 p., 1 lám. ;
_c22 cm.
700 1 _aGeigel Polanco, Vicente.
_956211
852 _aES-MaACL
_jC-42937
_bR.81997
999 _c52528
_d52528